[Event "Kowalewo Pomorskie op-B 16th"]
[Site "Kowalewo Pomorskie"]
[Date "2009.07.11"]
[Round "9"]
[White "Semeniuk, Adam"]
[Black "Kwapisiewicz, Karol"]
[Result "1-0"]
[WhiteElo "1994"]
[BlackElo "1750"]
[PlyCount "36"]
[EventDate "2009.07.04"]
[EventType "swiss"]
[EventRounds "9"]
[EventCountry "POL"]
[SourceTitle "EXT 2011"]
[Source "ChessBase"]
[SourceDate "2010.11.26"]
[SourceVersion "1"]
[SourceVersionDate "2010.11.26"]
[SourceQuality "1"]

1. c4 e6 2. Nc3 b6 3. Nf3 Bb7 4. b3 f5 5. Bb2 Nf6 6. Qc2 Bb4 7. a3 Be7 8. d3 a6 9. e4 fxe4 10. dxe4 d5 11. 0-0-0 c6 12. Bd3 Qc8 13. e5 Nfd7 14. Bxh7 Nf8 15. Bg6+ Kd8 16. h4 Rh6 17. Bd3 c5 18. cxd5 exd5 1-0

[Event "Kowalewo Pomorskie op-B 16th"]
[Site "Kowalewo Pomorskie"]
[Date "2009.07.09"]
[Round "7"]
[White "Czapiewski, Waldemar"]
[Black "Semeniuk, Adam"]
[Result "1/2-1/2"]
[WhiteElo "1880"]
[BlackElo "1994"]
[PlyCount "61"]
[EventDate "2009.07.04"]
[EventType "swiss"]
[EventRounds "9"]
[EventCountry "POL"]
[SourceTitle "EXT 2011"]
[Source "ChessBase"]
[SourceDate "2010.11.26"]
[SourceVersion "1"]
[SourceVersionDate "2010.11.26"]
[SourceQuality "1"]

1. e4 c6 2. d4 d5 3. Nd2 dxe4 4. Nxe4 Nf6 5. Ng3 Qc7 6. Nf3 Bg4 7. Bc4 e6 8. h3 Bxf3 9. Qxf3 Nbd7 10. c3 Be7 11. Bb3 Bd6 12. Nh5 Nxh5 13. Qxh5 Nf6 14. Qf3 0-0 15. Bg5 Be7 16. 0-0 Nd5 17. Bxe7 Nxe7 18. Rfe1 Rad8 19. Re5 b6 20. Rae1 Kh8 21. Kh1 Qd6 22. Qe2 Ng6 23. Re3 c5 24. dxc5 Qxc5 25. Rd1 Qc6 26. f3 Nf4 27. Qc2 f6 28. Ree1 e5 29. Kh2 g6 30. Rd2 Qc7 31. Red1 1/2-1/2

[Event "Katy Rybackie op"]
[Site "Katy Rybackie"]
[Date "2009.06.17"]
[Round "5"]
[White "Strumilo, Slawomir"]
[Black "Semeniuk, Adam"]
[Result "1-0"]
[WhiteElo "1860"]
[BlackElo "1994"]
[PlyCount "58"]
[EventDate "2009.06.14"]
[EventType "swiss"]
[EventRounds "9"]
[EventCountry "POL"]
[SourceTitle "CBM 131 Extra"]
[Source "ChessBase"]
[SourceDate "2009.09.03"]
[SourceVersion "2"]
[SourceVersionDate "2009.09.16"]
[SourceQuality "1"]

1. e4 c6 2. c4 d5 3. exd5 cxd5 4. d4 Nf6 5. Nc3 Nc6 6. Bg5 Ne4 7. Nxe4 dxe4 8. d5 Nb8 9. Qc2 f5 10. 0-0-0 Qa5 11. Kb1 Na6 12. Bd2 Qc7 13. f3 g6 14. Bc3 Rg8 15. Ka1 Nc5 16. b4 Nd3 17. Bxd3 exd3 18. Qxd3 Bd7 19. Ne2 a5 20. bxa5 Rc8 21. Rc1 Qxc4 22. Qxc4 Rxc4 23. Be5 Ra4 24. Rc5 Ra3 25. Nc3 g5 26. Kb2 Rxc3 27. Kxc3 Kd8 28. Rb1 Bc8 29. a6 e6 1-0

[Event "Katy Rybackie op"]
[Site "Katy Rybackie"]
[Date "2009.06.15"]
[Round "2"]
[White "Semeniuk, Adam"]
[Black "Szamrej, Jozef"]
[Result "1-0"]
[WhiteElo "1994"]
[BlackElo "1810"]
[PlyCount "104"]
[EventDate "2009.06.14"]
[EventType "swiss"]
[EventRounds "9"]
[EventCountry "POL"]
[SourceTitle "CBM 131 Extra"]
[Source "ChessBase"]
[SourceDate "2009.09.03"]
[SourceVersion "2"]
[SourceVersionDate "2009.09.16"]
[SourceQuality "1"]

1. c4 c5 2. Nc3 Nc6 3. g3 g6 4. Bg2 Bg7 5. e3 e6 6. Nge2 Nge7 7. 0-0 0-0 8. Rb1 Rb8 9. a3 d6 10. b4 b6 11. Qb3 Qc7 12. Rd1 a6 13. d4 cxd4 14. exd4 Nd8 15. g4 e5 16. h3 Be6 17. d5 Bd7 18. Ng3 f5 19. f3 Nf7 20. g5 Rfc8 21. Bf1 Kf8 22. h4 h6 23. gxh6 Bxh6 24. Bxh6+ Nxh6 25. f4 exf4 26. Nh1 Ng4 27. Rd4 Ne3 28. Rxf4 Nxf1 29. Kxf1 b5 30. Qb2 bxc4 31. Nf2 Kg8 32. Re1 Re8 33. Rc1 Qb7 34. Qd2 Bb5 35. Rf3 Kh7 36. h5 Rg8 37. hxg6+ Rxg6 38. Rh3+ Kg8 39. Qd4 Rg7 40. Qf6 Rf8 41. Qxd6 Qd7 42. Nxb5 Qxb5 43. Qe6+ Rff7 44. d6 Nd5 45. a4 Qc6 46. Rc2 Nb6 47. Nd1 Qxa4 48. Ne3 Qd7 49. Rh6 Rh7 50. Rg2+ Kh8 51. Rgg6 Rxh6 52. Rxh6+ Kg7 1-0

[Event "Rowy op-A 17th"]
[Site "Rowy"]
[Date "2008.06.17"]
[Round "4.15"]
[White "Chmielecki, Michal"]
[Black "Semeniuk, Adam"]
[Result "0-1"]
[WhiteElo "1677"]
[BlackElo "1998"]
[PlyCount "70"]
[EventDate "2008.06.14"]
[EventType "swiss"]
[EventRounds "9"]
[EventCountry "POL"]
[SourceTitle "EXT 2023"]
[Source "ChessBase"]
[SourceDate "2022.10.05"]
[SourceVersion "1"]
[SourceVersionDate "2022.10.05"]
[SourceQuality "1"]

1. c4 d5 2. Nf3 Nf6 3. g3 g6 4. Bg2 Bg7 5. d4 c6 6. Qc2 Ne4 7. Nbd2 Bf5 8. Nxe4 Bxe4 9. Qb3 b6 10. e3 Nd7 11. 0-0 e6 12. Bd2 0-0 13. Rac1 c5 14. cxd5 Bxd5 15. Qd3 Rc8 16. b3 Bxf3 17. Bxf3 Qf6 18. Bb7 Rb8 19. Bc6 Rfd8 20. Bc3 Qe7 21. Bg2 cxd4 22. Bxd4 Bxd4 23. Qxd4 Nc5 24. Qc4 Rd7 25. Rc3 Rbd8 26. Rfc1 Qf6 27. Qf4 Qg7 28. Bf1 e5 29. Qc4 Qf6 30. b4 Rd2 31. f4 Ne6 32. Rd3 exf4 33. exf4 R8xd3 34. Bxd3 Qb2 35. Rc2 Qb1+ 0-1

[Event "Rowy op-A 17th"]
[Site "Rowy"]
[Date "2008.06.17"]
[Round "5.10"]
[White "Semeniuk, Adam"]
[Black "Mokwa, Marek"]
[Result "0-1"]
[WhiteElo "1998"]
[BlackElo "1914"]
[PlyCount "40"]
[EventDate "2008.06.14"]
[EventType "swiss"]
[EventRounds "9"]
[EventCountry "POL"]
[SourceTitle "EXT 2023"]
[Source "ChessBase"]
[SourceDate "2022.10.05"]
[SourceVersion "1"]
[SourceVersionDate "2022.10.05"]
[SourceQuality "1"]

1. c4 e5 2. Nc3 Nf6 3. g3 c6 4. Bg2 d5 5. cxd5 cxd5 6. Qb3 Nc6 7. Nxd5 Nd4 8. Nxf6+ Qxf6 9. Qd1 Bf5 10. e4 Qc6 11. f3 Nc2+ 12. Kf1 Be6 13. b3 Rd8 14. Ke2 Nxa1 15. Bb2 Nc2 16. d3 Nb4 17. Qb1 Nxd3 18. Bf1 Qc5 19. Qxd3 Rxd3 20. Kxd3 Qb5+ 0-1

[Event "Rowy op-A 17th"]
[Site "Rowy"]
[Date "2008.06.16"]
[Round "3.14"]
[White "Semeniuk, Adam"]
[Black "Stankiewicz, Edward"]
[Result "1/2-1/2"]
[WhiteElo "1998"]
[BlackElo "1899"]
[PlyCount "28"]
[EventDate "2008.06.14"]
[EventType "swiss"]
[EventRounds "9"]
[EventCountry "POL"]
[SourceTitle "EXT 2023"]
[Source "ChessBase"]
[SourceDate "2022.10.05"]
[SourceVersion "1"]
[SourceVersionDate "2022.10.05"]
[SourceQuality "1"]

1. e4 e5 2. Nc3 Nc6 3. g3 Nf6 4. Bg2 Bb4 5. Nd5 Ba5 6. Rb1 d6 7. b4 Bb6 8. a4 a6 9. d3 h6 10. c3 0-0 11. Ne2 Nh7 12. 0-0 Ne7 13. Nxb6 cxb6 14. Be3 Rb8 1/2-1/2

[Event "Rowy op-A 17th"]
[Site "Rowy"]
[Date "2008.06.14"]
[Round "1.17"]
[White "Semeniuk, Adam"]
[Black "Zatylny, Jan"]
[Result "1-0"]
[WhiteElo "1998"]
[BlackElo "1764"]
[PlyCount "25"]
[EventDate "2008.06.14"]
[EventType "swiss"]
[EventRounds "9"]
[EventCountry "POL"]
[SourceTitle "EXT 2023"]
[Source "ChessBase"]
[SourceDate "2022.10.05"]
[SourceVersion "1"]
[SourceVersionDate "2022.10.05"]
[SourceQuality "1"]

1. c4 c5 2. Nc3 Nc6 3. g3 e6 4. Bg2 a6 5. d3 Nf6 6. e4 e5 7. Nge2 d6 8. 0-0 Be7 9. h3 0-0 10. f4 Nd4 11. f5 Bd7 12. g4 h6 13. a3 1-0

[Event "Poznan op-B 16th"]
[Site "Poznan"]
[Date "2007.07.24"]
[Round "4.1"]
[White "Semeniuk, Adam"]
[Black "Kaczmarek, Piotr1"]
[Result "1-0"]
[WhiteElo "1977"]
[BlackElo "1975"]
[PlyCount "95"]
[EventDate "2007.07.21"]
[EventType "swiss"]
[EventRounds "9"]
[EventCountry "POL"]
[SourceTitle "EXT 2023"]
[Source "ChessBase"]
[SourceDate "2022.10.05"]
[SourceVersion "1"]
[SourceVersionDate "2022.10.05"]
[SourceQuality "1"]

1. c4 e5 2. Nc3 Nc6 3. g3 d6 4. Bg2 g6 5. e3 Bg7 6. Nge2 Be6 7. b3 Nge7 8. d4 exd4 9. exd4 d5 10. cxd5 Nxd5 11. Bb2 0-0 12. 0-0 Qd7 13. Ne4 Rad8 14. Qd2 Rfe8 15. Rfe1 Bf5 16. N4c3 Qc8 17. Rac1 b6 18. Na4 Ncb4 19. Bxd5 Nxd5 20. f3 Qd7 21. g4 Be6 22. Nac3 Nxc3 23. Bxc3 c5 24. Rcd1 Qd5 25. Qf4 g5 26. Qg3 cxd4 27. Bxd4 Bxd4+ 28. Rxd4 Qc5 29. Qf2 Bd5 30. Red1 Re5 31. R4d3 Qxf2+ 32. Kxf2 Rde8 33. Ng3 Bc6 34. R1d2 Rc5 35. Nh5 Kf8 36. Nf6 Re6 37. Rd8+ Kg7 38. Nh5+ Kh6 39. R2d6 Rc3 40. Rd3 Rc5 41. Ng3 Bb5 42. R3d5 Rxd5 43. Rxd5 Bc6 44. Rd8 Be8 45. h4 Kg6 46. Nf5 f6 47. Ra8 Bf7 48. h5# 1-0

[Event "POL-ch disabled"]
[Site "Chotowa"]
[Date "2007.05.28"]
[Round "4.16"]
[White "Kocon, Wiktor"]
[Black "Semeniuk, Adam"]
[Result "1/2-1/2"]
[WhiteElo "780"]
[BlackElo "1996"]
[PlyCount "45"]
[EventDate "2007.05.26"]
[EventType "swiss"]
[EventRounds "9"]
[EventCountry "POL"]
[SourceTitle "EXT 2023"]
[Source "ChessBase"]
[SourceDate "2022.10.05"]
[SourceVersion "1"]
[SourceVersionDate "2022.10.05"]
[SourceQuality "1"]

1. d4 Nf6 2. c4 e6 3. g3 Bb4+ 4. Bd2 Be7 5. Bg2 d5 6. cxd5 exd5 7. Nc3 c6 8. Nf3 Bd6 9. Bg5 h6 10. Bxf6 Qxf6 11. 0-0 0-0 12. e4 dxe4 13. Nxe4 Qd8 14. Re1 Bb4 15. Re3 Na6 16. Qe2 Bg4 17. Rd1 Re8 18. h3 Be6 19. a3 Bf8 20. Nc5 Nxc5 21. dxc5 Qc8 22. Kh2 Bxc5 23. Re5 1/2-1/2

[Event "Rowy Seniors op 7th"]
[Site "Rowy"]
[Date "2003.09.02"]
[Round "3"]
[White "Semeniuk, Adam"]
[Black "Magierowski, Stanislaw"]
[Result "1-0"]
[WhiteElo "2067"]
[BlackElo "1801"]
[PlyCount "58"]
[EventDate "2003.08.??"]
[EventType "swiss"]
[EventRounds "9"]
[EventCountry "POL"]
[SourceTitle "EXT 2006"]
[Source "ChessBase"]
[SourceDate "2005.11.24"]
[SourceVersion "1"]
[SourceVersionDate "2005.11.24"]
[SourceQuality "1"]

1. c4 Nf6 2. Nc3 e6 3. e4 d6 4. g3 c5 5. Bg2 Nc6 6. Nge2 g6 7. d4 cxd4 8. Nxd4 e5 9. Nde2 a6 10. 0-0 Bg7 11. b3 0-0 12. h3 Be6 13. Qc2 Rc8 14. Ba3 b5 15. cxb5 axb5 16. Nxb5 Nd4 17. Qd3 Nxb5 18. Qxb5 Re8 19. Rfd1 Bf8 20. Rdc1 Ra8 21. Bb2 Rb8 22. Qd3 Qb6 23. Kh2 Nd7 24. f4 Nc5 25. Qf3 f5 26. exf5 Bxf5 27. Qd5+ Be6 28. Qd1 e4 29. Qd4 Kf7 1-0

[Event "Wch Seniors 10th"]
[Site "Rowy"]
[Date "2000.09.19"]
[Round "8"]
[White "Semeniuk, Adam"]
[Black "Bylino, Oleg"]
[Result "0-1"]
[WhiteElo "2010"]
[BlackElo "2264"]
[PlyCount "64"]
[EventDate "2000.09.11"]
[EventType "swiss"]
[EventRounds "11"]
[EventCountry "POL"]
[SourceTitle "CBM 078 Extra"]
[Source "ChessBase"]
[SourceDate "2000.11.10"]
[SourceVersion "1"]
[SourceVersionDate "2000.11.10"]
[SourceQuality "1"]

1. c4 g6 2. Nc3 Bg7 3. g3 f5 4. Bg2 Nf6 5. d4 0-0 6. c5 Kh8 7. e3 d6 8. cxd6 cxd6 9. Nge2 e5 10. dxe5 dxe5 11. 0-0 Nc6 12. b3 Qe7 13. a3 Be6 14. b4 e4 15. Nb5 Bc4 16. Nbd4 Nxd4 17. exd4 Nd5 18. Bb2 f4 19. gxf4 Nxf4 20. Nxf4 Bxf1 21. Nxg6+ hxg6 22. Kxf1 e3 23. f3 Rad8 24. Kg1 Qh4 25. Qe1 Qf4 26. Rd1 Bxd4 27. Bxd4+ Rxd4 28. Qc3 e2 29. Rxd4 e1Q+ 30. Qxe1 Qxd4+ 31. Kh1 Rd8 32. Bf1 Qf6 0-1

[Event "Rowy Jantar op"]
[Site "Rowy"]
[Date "2000.06.??"]
[Round "?"]
[White "Semeniuk, Adam"]
[Black "Maszota, Natalia"]
[Result "0-1"]
[WhiteElo "2019"]
[BlackElo "1900"]
[PlyCount "114"]
[EventDate "2000.06.??"]
[EventType "swiss"]
[EventRounds "9"]
[EventCountry "POL"]
[SourceTitle "EXT 2005"]
[Source "ChessBase"]
[SourceDate "2004.11.15"]
[SourceVersion "1"]
[SourceVersionDate "2004.11.15"]
[SourceQuality "1"]

1. c4 Nf6 2. Nc3 g6 3. g3 d5 4. cxd5 Nxd5 5. Bg2 c6 6. d4 Bg7 7. e4 Nxc3 8. bxc3 e5 9. Ne2 0-0 10. 0-0 exd4 11. cxd4 c5 12. Ba3 Nd7 13. Rc1 Qa5 14. Bxc5 Nxc5 15. Rxc5 Qxa2 16. Nc3 Qb2 17. Qd3 Rd8 18. d5 b6 19. Rc7 Be5 20. Nd1 Qb4 21. Rc1 a5 22. Qb1 Qxb1 23. Rxb1 Ba6 24. Re1 b5 25. Ne3 b4 26. Red1 Bc3 27. Bf1 Bxf1 28. Kxf1 a4 29. d6 a3 30. Nd5 a2 31. Nxc3 axb1Q 32. Nxb1 b3 33. Ke2 b2 34. Rd2 Rdb8 35. Kd3 Ra6 36. e5 Kf8 37. Rc2 Ra1 38. d7 Ke7 39. Rc8 Rb3+ 40. Kc2 Kxd7 41. Kxb3 Kxc8 42. Kxb2 Ra5 43. f4 Kd7 44. Nc3 Ke6 45. Ne4 h6 46. Kc3 Ra2 47. h4 Ra7 48. Kd4 Kf5 49. Nd6+ Kg4 50. Ke3 Kxg3 51. h5 gxh5 52. Nf5+ Kg2 53. Nxh6 h4 54. Ke4 h3 55. Ng4 Kg3 56. Kf5 Ra4 57. Kg5 Rxf4 0-1